000 00453nam a2200181Ia 4500
001 2019
005 20260306143811.0
008 260306t1986||||xx |||||||||||||| ||spa||
041 _aESP
082 _a610.92
_bD53
100 _aDelgado Butrón, César,
_eAUT
245 0 _aManuel Núñez Butrón :
_b"runa soncco y rijcharismo"
260 _c1986
300 _a342 páginas :
_c20 cm.
650 _aGEN
654 _aCCS
942 _cLIB
_dJUS
_fJUS
_2ddc
_n
999 _c2019
_d2019